Loading...
| Current Events | 1 | 20.00 | 100% | 100% | 0% |
| Fine Arts - Classical Music | 4 | 15.00 | 100% | 50% | 0% |
| Fine Arts - Other | 5 | 12.00 | 100% | 20% | 0% |
| Fine Arts - Painting and Sculpture | 2 | 15.00 | 100% | 50% | 0% |
| Geography | 3 | 13.33 | 67% | 67% | 0% |
| History - American | 3 | 13.33 | 100% | 33% | 0% |
| History - European | 4 | 20.00 | 100% | 100% | 0% |
| History - Other | 7 | 20.00 | 100% | 57% | 43% |
| History - World | 4 | 20.00 | 100% | 75% | 25% |
| Literature - American | 7 | 18.57 | 100% | 71% | 14% |
| Literature - British | 3 | 20.00 | 100% | 100% | 0% |
| Literature - European | 7 | 17.14 | 100% | 57% | 14% |
| Literature - World | 3 | 10.00 | 100% | 0% | 0% |
| Mythology | 5 | 20.00 | 80% | 60% | 60% |
| Philosophy | 4 | 10.00 | 100% | 0% | 0% |
| Popular Culture | 3 | 20.00 | 100% | 100% | 0% |
| Religion | 4 | 20.00 | 100% | 50% | 50% |
| Science - Biology | 5 | 18.00 | 100% | 60% | 20% |
| Science - Chemistry | 5 | 22.00 | 100% | 60% | 60% |
| Science - Other | 7 | 24.29 | 100% | 86% | 57% |
| Science - Physics | 6 | 26.67 | 100% | 100% | 67% |
| Social Science | 5 | 20.00 | 80% | 80% | 40% |